000 004470000a22001810004500
003 MACL
005 20160112134539.0
008 160112b xxu||||| |||| 00| 0 eng d
040 _aMACL
_cMACL
041 _aEnglish
082 _a923.254/ABD
100 _aAbdullah, Farooq
_931320
245 _aMy Dismissal
260 _bVikas Publishing House
_c1985
_aNew Delhi
350 _a50
650 _aBiography
_931321
942 _cBK
_k923.254/ABD
_2ddc
999 _c33980
_d33980